30 Famous People from Mexico - Statistics

General Stats
  • This quiz has been taken 96 times
  • The average score is 12 of 30
Answer Stats
Hint Answer % Correct
Painter known for her many portraits, self-portraits, and works inspired by the nature and artefacts of Mexico. Frida Kahlo
79%
Actress who played in "Desperado", "From Dusk till Dawn", "Wild Wild West" and "Frida." Salma Hayek
78%
Nickname of Joaquín Guzmán, drug lord and former leader of the Sinaloa Cartel. El Chapo
71%
Widely regarded as the greatest Mexican footballer of all time. Hugo Sanchez
65%
Filmmaker best known for the Academy Award-winning fantasy films "Pan's Labyrinth" and "The Shape of Water." Guillermo del Toro
63%
Business magnate who was ranked as the richest person in the world from 2010 to 2013. Carlos Slim
60%
Painter and world-famous muralist. Diego Rivera
58%
Nickname of famous football player Javier Hernández. Chicharito
54%
Top-ranked female golfer in the world from 2007 to 2010. Lorena Ochoa
54%
Formula One racer competing since 2011. Sergio Perez
54%
Guitarist who rose to fame in the late 1960s and early 1970s, which pioneered a fusion of rock 'n' roll and Latin American jazz. Carlos Santana
51%
Defensive midfielder who played in record five consecutive editions of the FIFA World Cup. Rafael Marquez
51%
General and one of the most prominent figures of the Mexican Revolution. Pancho Villa
49%
Filmmaker famous for his movies "Gravity", "Roma", "Children of Men" and "Y tu mamá también." Alfonso Cuaron
46%
Filmmaker and director of movies "21 Grams", "The Revenant" and "Birdman." Alejandro Gonzalez Inarritu
45%
Actor who starred in films "Amores Perros" and "The Motorcycle Diaries." Gael García Bernal
40%
Actor who starred in "Rogue One: A Star Wars Story" and in "Narcos: Mexico." Diego Luna
35%
Goalkeeper known for his constant play outside the penalty area. Jorge Campos
34%
Mexican-American boxer who became known as The Golden Boy of boxing after he won a gold medal from the 1992 Summer Olympics. Oscar de la Hoya
34%
Puerto Rican-born Mexican singer, often referred to as El Sol de México (The Sun of Mexico) Luis Miguel
31%
Army officer and statesman who was the storm centre the Texas Revolution and the Mexican-American War. Antonio López de Santa Anna
29%
Professional boxer who competed from 1980 to 2005 and a multiple-time world champion in three weight divisions. Julio Cesar Chavez
29%
Singer often referred as the "Queen of Latin Pop." Her famous hit is "Amor a la Mexicana" Thalia
29%
Poet and diplomat awarded the 1990 Nobel Prize in Literature. Octavio Paz
28%
Actress known for playing the main character in the 2004 telenovela Rubí, one of the most successful telenovelas of all time. Barbara Mori
20%
Actor nominated for the Academy Award for Best Actor for his role in "A Better Life". Demián Bichir
19%
Female track and field athlete who specialized in the 400 meters. Ana Guevara
18%
Basketball player who played as a center in the NBA and Real Madrid. Gustavo Ayón
10%
Convicted drug lord know as El Padrino. Félix Gallardo
9%
Model and television presenter, best known for her appearances in the Sports Illustrated Swimsuit Issue. Elsa Benítez
5%
No matching quizzes found
Score Distribution
Percent of People with Each Score
Percentile by Number Answered
Your Score History
You have not taken this quiz